000 00362nam a2200133Ia 4500
005 20260326100027.0
008 260326s9999||||xx |||||||||||||| ||und||
100 _aCirlot, Juan Eduardo
245 0 _aArte Contemporáneo :
_b Origen Universal de sus tendencias /
_cJuan Eduardo Cirlot
260 _bE.D.H.A.S.A.
300 _a299 p.
650 _aARTE
942 _cBK
999 _c6468
_d6468